ਵਾਸਨਾ ਵਿਸਕੀ ਵਿਦਵਤਾ / (Record no. 110921)

MARC details
000 -LEADER
fixed length control field 01133nam a22002537a 4500
005 - DATE AND TIME OF LATEST TRANSACTION
control field 20170123164159.0
010 ## - LIBRARY OF CONGRESS CONTROL NUMBER
LC control number B-065834
020 ## - INTERNATIONAL STANDARD BOOK NUMBER
Terms of availability 125.00
035 ## - SYSTEM CONTROL NUMBER
System control number B-065834
037 ## - SOURCE OF ACQUISITION
Source of stock number/acquisition Cen Lib/Ret
040 ## - CATALOGING SOURCE
Original cataloging agency DPL
Language of cataloging PN
082 ## - DEWEY DECIMAL CLASSIFICATION NUMBER
Classification number 080
Item number ਸੰਧੂਗੁ
245 ## - TITLE STATEMENT
Title ਵਾਸਨਾ ਵਿਸਕੀ ਵਿਦਵਤਾ /
Statement of responsibility, etc ਅਨੁਵਾਦਕ ਗੁਲਜ਼ਾਰ ਸਿੰਘ ਸੰਧੂ
246 ## - VARYING FORM OF TITLE
Title proper/short title Vaasna whisky vidvata : a cocktaiil about Kushwant Singh /
Remainder of title edited by Gulzar Singh Sandhu
260 ## - PUBLICATION, DISTRIBUTION, ETC. (IMPRINT)
Place of publication, distribution, etc ਦਿੱਲੀ
Name of publisher, distributor, etc ਨਵਯੁਗ ਪਬਲਿਸ਼ਰਜ਼
Date of publication, distribution, etc 2002
270 ## - ADDRESS
City ਦਿੱਲੀ
Address ਕੇ.-24, ਹੁਜ਼ ਖਾਸ
300 ## - PHYSICAL DESCRIPTION
Extent 152p .
Dimensions 19cm(hb)
650 ## - SUBJECT ADDED ENTRY--TOPICAL TERM
Topical term or geographic name as entry element ਪੱਤਰਕਾਰੀ - ਭਾਰਤ ਨੂੰ - ਇਤਿਹਾਸ - 19 ਪੱਟੀ.
9 (RLIN) 132287
650 ## - SUBJECT ADDED ENTRY--TOPICAL TERM
Topical term or geographic name as entry element Hindi--journalism
9 (RLIN) 43511
650 ## - SUBJECT ADDED ENTRY--TOPICAL TERM
Topical term or geographic name as entry element Journalism -- India -- History -- 19th century.
9 (RLIN) 132288
650 ## - SUBJECT ADDED ENTRY--TOPICAL TERM
Topical term or geographic name as entry element ਪੰਜਾਬੀ -- ਪੱਤਰਕਾਰੀਤਾ
9 (RLIN) 132289
700 ## - ADDED ENTRY--PERSONAL NAME
Personal name ਸੰਧੂ, ਗੁਲਜ਼ਾਰ ਸਿੰਘ
9 (RLIN) 132290
942 ## - ADDED ENTRY ELEMENTS (KOHA)
Source of classification or shelving scheme Dewey Decimal Classification
Koha item type Punjabi Bks
Classification part 080
Call number suffix ਸੰਧੂਗੁ
Holdings
Withdrawn status Lost status Damaged status Not for loan Home library Current library Date acquired Source of acquisition Cost, normal purchase price Total Checkouts Full call number Barcode Date last seen Copy number Cost, replacement price Price effective from Koha item type
        Central Library Central Library 10/02/2016 Cen Lib/Ret 125.00   080 ਸੰਧੂਗੁ B-065834 10/02/2016 1 125.00 10/02/2016 Punjabi Bks

© Delhi Public Library
Hit Counter
free hit counter